Schaum`s Outline Of Theory & Problems Of Financial Management (Record no. 16455)

MARC details
000 -LEADER
fixed length control field 00339nam a2200133Ia 4500
008 - FIXED-LENGTH DATA ELEMENTS--GENERAL INFORMATION
fixed length control field 221030s9999 xx 000 0 und d
041 ## - LANGUAGE CODE
Language code of text/sound track or separate title
100 ## - MAIN ENTRY--AUTHOR NAME
Personal name J. K. Shim
245 #0 - TITLE STATEMENT
Title Schaum`s Outline Of Theory & Problems Of Financial Management
Statement of responsibility, etc by J. K. Shim
250 ## - EDITION STATEMENT
Edition statement 2008
260 ## - PUBLICATION, DISTRIBUTION, ETC. (IMPRINT)
Place of publication JAMMU
Year of publication 2008
650 ## - SUBJECT ADDED ENTRY--TOPICAL TERM
Topical Term Mc
942 ## - ADDED ENTRY ELEMENTS (KOHA)
Koha item type Books
Holdings
Accession Number Price effective from Koha item type Withdrawn / writtenoff status Materials specified (bound volume or other part) Damaged status Not for loan Permanent Location Current Location Shelving location Date acquired Lost/ Missing status department
MC 1116 10/30/2022 Books   Print     MIET Library, Jammu MIET Library, Jammu BL-Academic Block -b, FL-2, CUP-175, SH-1, R-1 02/19/2016   MCA